On the reliability of the Old Testament
Αποθηκεύτηκε σε:
| Κύριος συγγραφέας: | |
|---|---|
| Μορφή: | Βιβλίο |
| Γλώσσα: | English |
| Δημοσίευση: |
Grand Rapids, Mich. :
W.B. Eerdmans,
2003
|
| Θέματα: | |
| Ετικέτες: |
Προσθήκη ετικέτας
Δεν υπάρχουν, Καταχωρήστε ετικέτα πρώτοι!
|
MARC
| LEADER | 00000nam a2200000 i 4500 | ||
|---|---|---|---|
| 001 | 1/55132 | ||
| 008 | 070918s2003 eng d | ||
| 020 | |a 978-0-8028-0396-2 | ||
| 020 | |a 0-8028-0396-2 | ||
| 035 | |l 10090778 | ||
| 040 | |a GR-MY-UA |b gre |e aacr | ||
| 041 | 0 | |a eng | |
| 082 | 0 | |a 221.1 |2 (22) | |
| 100 | 1 | |a Kitchen, K.A. |q (Kenneth Anderson) | |
| 245 | 1 | 0 | |a On the reliability of the Old Testament / |c K.A. Kitchen |
| 260 | |a Grand Rapids, Mich. : |b W.B. Eerdmans, |c 2003 | ||
| 300 | |a xxii, 662 σ.; |c 25 εκ. | ||
| 504 | |a Περιλαμβάνει βιβλιογραφίες και ευρετήριο | ||
| 650 | 0 | 0 | |a Bible. O.T. |x Historiography. |
| 650 | 0 | 0 | |a Bible. O.T. |x History of contemporary events. |
| 852 | |a INST |b RHODES |e 20070918 |h 221.1 KIT |p 005400025796 |q 005400025796 |t BK |y 0 | ||
| 901 | |a BIBL4-2007-3 | ||
| 909 | |a Ρ |b 138925 | ||
| 922 | |a 4ΕΛΗ |b 200708 |c ΕΠΕΑΕΚ2/ΤΜΣ |d ΕΛΕΥΘΕΡΟΥΔΑΚΗΣ | ||
| 970 | |a ΜΙΣΣΟΣ |b ΣΤΑΥΡΟΣ |z 2007/09/18 | ||